000 00746nam a2200265Ia 4500
005 20260302114947.0
008 008 260114s9999 xx 000 0 eng d
020 _a9781683935209
037 _aTextbook
040 _aCRL
040 _beng
040 _cCRL
041 _2eng
041 _aeng
084 _qCRL
100 _aThomas Cragin & Laura A. Salsini
_91120287
245 0 _aResistance, Heroism, Loss World War II in Italian Literature and Film
260 _bBloomsbury
260 _bFairleigh Dickinson University Press
260 _c2018
650 _aLiterary Studies
856 _uhttps://doi.org/10.5040/9781683935209?locatt=label:secondary_bloomsburyCollections
942 _cEBOOK
999 _c1684447
_d1684447